00322 2200145 4500245003900000250001100039100001900050650001700069650001600086005001900102260001800121041001400139084001400153336000900167 aAutobiograficAthaya IsriniahText aCet. 1 aAthaya Isrinia aAutobiografi aKarya Siswa a20250522113133 aJakartac2025 aIndonesia a081 ATH a atext